Quizzes
Events
Quiz Creation
Community
Videos
Private Events
Remove Ads
Sign In
Join for FREE
Feedback
Dark Mode
Quiz Categories
Sports
Geography
Music
Movies
Television
Just For Fun
Miscellaneous
History
Literature
Language
Science
Gaming
Entertainment
Religion
Holiday
For Kids
Quiz Lab
Recent
Popular Today
Quiz Kudos Today
Editor Picks
Curator Picks
Quizzes by...
Day
Popularity
Type
Ratings
Length
Year
Community
Subscriptions
Recent Discussions
Orange Saloon
Badges
Playlists
Quests
Create
Leaderboards
Showdown
Live 5
Trivia Bingo
Activity
Puzzle Library
Sporcle Events
Private Events
Virtual Trivia
Globe League
Become a Host
Pub Owners
SporcleCon
Opinionation
Our Games
Videos
Blog
Mobile Apps
Partnerships
Remove Ads and Go Orange
Feedback
History
US Presidents
World Leaders
Politics
Nation
Discovery
War
Decade
Year
Century
Biography
Art
History
US Presidents
World Leaders
Politics
Nation
Discovery
War
Decade
Year
Century
Biography
Art
Random Quiz
Search Sporcle
×
Quiz Lab
Quiz Lab
History
amendment
Type in answers that appear in a list
Type in answers that appear in a list
Classic
Best Score? Go Orange.
What Amendment?,Remember some were not ratified. Stats
Can you name the What Amendment??
By
soasoar
4m
26 Questions
32 Plays
32 Plays
32 Plays
Comments
Comments
Give Quiz Kudos
Give Quiz Kudos
-
- Ratings
hide this ad
Forced Order
Answers have to be entered in order
Answers have to be entered in order
Replay
Link that replays current quiz
Next Quiz
Link to next quiz in quiz playlist
You Got
0%
They Got
Avg Score
86%
Avg Friend Score
Upgrade to see
Score Distribution
Jump to the score distribution portion of the page
Score
0/26
Timer
04:00
0
Plays Today
Established?
Amendment
% Correct
Repeals the 18th amendment
21
100%
Abolishes slavery
13
96.9%
Prohibition of alcohol
18
96.9%
Women's suffrage
19
96.9%
Prohibits unreasonable search
04
93.8%
Allows Income Tax
16
93.8%
Protects right to bear arms
02
90.6%
Limits power of Federal Govt
10
90.6%
Defines citizenship
14
90.6%
Voting age 18
26
90.6%
Judicial rules, indictment, double jeopardy
05
87.5%
Fixes dates of term commencement
20
87.5%
Presidential succession
25
87.5%
Established?
Amendment
% Correct
Fair and speedy trial, confront accuser
06
84.4%
Prohibits denial of suffrage
15
84.4%
Limits Presidential terms
22
84.4%
Prohibits revocation of voting rights -
poll tax
24
84.4%
Trial by jury
07
81.3%
Direct election of Sentors
17
81.3%
Congressional salary change following congress
27
81.3%
Prohibits forced quarter of soldiers
03
81.3%
Prevent excessive fine
08
78.1%
Unenumerated rights
09
78.1%
Revises Presidential election guidelines
12
75%
Washington DC electoral college
23
71.9%
Sovereign Immunity
11
68.8%
Quiz Playlist
Details
Report
Send in Message
Add To Playlist
Classic:
Type in answers that appear in a list
Forced Order:
Answers have to be entered in order
Last Updated: Feb 16, 2017
Quiz Scoreboard
CHALLENGE
Sign Up to Join the Scoreboard
Show All
Scores
Hide
Comments
May contain spoilers
Recently Published
Movies - When Are They Set?
by FPL_Elf
Movies
5m
Popular People in 1961
by mucciniale
History
6m
1-10 Letter E Words III
by El_Dandy
Language
2m
More to Explore
Quiz From the Vault
Featured Blog Post
Where Did the Easter Bunny Come From?
hide this ad
You Might Also Like...
Tags
amendment
Established
Ratified
Remember
Today's Top Quizzes in History
Browse History
hide this ad
Today's Top Quizzes in amendment
Browse amendment
Top Contributed Quizzes in History
1
Popular People in 1991
2
Popular People in 1981
3
Popular People in 1951
4
Popular People in 1941
5
Popular People in 1986
6
Popular People in 1976
7
Popular People in 1921
8
I Am Born On March 28th
9
Popular People in 1946
10
Popular People in 1936
Explore More
Trending Topics
Anime
Crossword
NBA
Kpop
Harry Potter
Disney
Marvel
Country
NFL
Puzzle
WWE
Soccer
The Office
Pokémon
Song
hide this ad
More By:
soasoar
Quiz
Plays
Rating
Category
Featured
Created
New Orleans Saints Head Coaches
79
Sports
Oct 1, 2011
2011 New Orleans Saints, where did they play?
64
Sports
Sep 30, 2011
Know Your Candidates
49
4.00
History
Aug 29, 2011
What Amendment?,Remember some were not ratified.
32
History
Oct 1, 2011
Go to Creator's Profile
Score Distribution
Quiz Creator Spotlight
soasoar
Follow
Send a Message
Quizzes Created
-
Created Quiz Play Count
-
More By This Creator
Popular Quizzes Today
1
Find the Countries of Europe - No Outlines Minefield
2
Find the US States - No Outlines Minefield
3
The Countries of the World
4
Popular People in 1961
5
US States
6
1-10 Letter E Words III
7
Find the US States
8
One Thing in Common: World Cities II
More History Quizzes
Memorable People Born in 1897
Quiz Lab
Trending Quizzes
Risky Map Clicking: Least Populous States A-Z
1-10 Letter F Words
Humor Books: The Subtitles
1-10 Letter G Words
One Thing in Common: United Kingdom
Recently Updated
Leaping Animals
pecheneg
Reality TV Shows (A-Z)
bhenderson79
Rickey Henderson's Hall of Fame Teammates
pecheneg
Champions League XIs: Arsenal
pecheneg
Quick Pick: Celebrities in WWE's Hall of Fame
aduchscher
A-Z Keypad Blitz II
pecheneg
Multiple Oscar Actors
pecheneg
Mystery Phrase Blitz: Oscar 'Best Actors'
pecheneg
F. Scott Fitzgerald Novels
LTH
Pick 3 Villains
ddd62291
Trending Topics
Marvel
Crossword
Disney
Anime
NBA
Harry Potter
Kpop
Soccer
Pokémon
Song
Country
NFL
The Office
Puzzle
WWE
Your Account Isn't Verified!
In order to create a playlist on Sporcle, you need to verify the email address you used during registration. Go to your
Sporcle Settings
to finish the process.
Report this User
Report this user for behavior that violates our
Community Guidelines
.
Details:
Send Report
Go to the Sporcle.com Mobile Site →
Comments